Harry Potter 'E' Chapters Quiz Stats

 Plays Quiz not verified by Sporcle

Score 0/13 Timer 02:00
0 Plays Today
% Correct
Express
99.2%
Erised
97.6%
Eye
96%
Eaters
92.8%
Elf
92%
Educational
92%
Ever
92%
Eye
91.2%
Elf
89.6%
Elder
89.6%
End
88%
Excess
85.6%
Egg
83.2%

You're not logged in!

Compare scores with friends on all Sporcle quizzes.
OR
Log In

Sporcle TV

Today on Sporcle TV


Watch our educational content, quiz creation guides, and fun videos on Sporcle TV.

Show Comments

Extras

Top Quizzes Today


Score Distribution

Your Account Isn't Verified!

In order to create a playlist on Sporcle, you need to verify the email address you used during registration. Go to your Sporcle Settings to finish the process.

Report this User

Report this user for behavior that violates our Community Guidelines.

Details: